BASES JURIDICAS DE LA COMISION NACIONAL DEL AGUA (Registro nro. 7872)
[ vista simple ]
| 000 -LEADER | |
|---|---|
| fixed length control field | 00427nam a2200157 a 4500 |
| 001 - CONTROL NUMBER | |
| control field | 7872 |
| 005 - DATE AND TIME OF LATEST TRANSACTION | |
| control field | 20180713191757.0 |
| 008 - FIXED-LENGTH DATA ELEMENTS--GENERAL INFORMATION | |
| fixed length control field | 140415s1991 mx 000 0 spa d |
| 041 ## - LANGUAGE CODE | |
| Language code of text/sound track or separate title | spa |
| 082 ## - DEWEY DECIMAL CLASSIFICATION NUMBER | |
| Classification number | 343.09272 |
| Item number | COM |
| 245 00 - TITLE STATEMENT | |
| Title | BASES JURIDICAS DE LA COMISION NACIONAL DEL AGUA |
| 250 ## - EDITION STATEMENT | |
| Edition statement | 1a ed. |
| 260 ## - PUBLICATION, DISTRIBUTION, ETC. | |
| Place of publication, distribution, etc. | MEXICO : |
| Name of publisher, distributor, etc. | CNA, |
| Date of publication, distribution, etc. | 1991 |
| 300 ## - PHYSICAL DESCRIPTION | |
| Extent | 4 |
| 650 14 - SUBJECT ADDED ENTRY--TOPICAL TERM | |
| Topical term or geographic name entry element | AGUA |
| General subdivision | LEGISLACION |
| -- | MEXICO |
| -- | DERECHO DE AGUA |
| Withdrawn status | Lost status | Source of classification or shelving scheme | Damaged status | Not for loan | Collection code | Home library | Current library | Shelving location | Date acquired | Source of acquisition | Inventory number | Total Checkouts | Full call number | Barcode | Date last seen | Price effective from | Koha item type | Date last checked out |
|---|---|---|---|---|---|---|---|---|---|---|---|---|---|---|---|---|---|---|
| Dewey Decimal Classification | General | Biblioteca Karol Wojtyla | Biblioteca Karol Wojtyla | Sala general | 03/12/2013 | Compra | 151000000000000000047000 | 343.09272 COM | 21092 | 05/01/2026 | 03/12/2013 | Libro | ||||||
| Dewey Decimal Classification | General | Biblioteca Karol Wojtyla | Biblioteca Karol Wojtyla | Sala general | 03/12/2013 | Compra | 151000000000000000047008 | 343.09272 COM | 21103 | 05/01/2026 | 03/12/2013 | Libro | ||||||
| No inventariado | Dewey Decimal Classification | Biblioteca Karol Wojtyla | Biblioteca Karol Wojtyla | 03/12/2013 | Compra | 343.09272 COM | 21302 | 03/12/2013 | Libro | |||||||||
| Descarte | Dewey Decimal Classification | Biblioteca Karol Wojtyla | Biblioteca Karol Wojtyla | 03/12/2013 | Compra | 343.09272 COM | 21304 | 26/02/2018 | Libro | |||||||||
| Descarte | Dewey Decimal Classification | Biblioteca Karol Wojtyla | Biblioteca Karol Wojtyla | 03/12/2013 | Compra | 343.09272 COM | 21091 | 26/02/2018 | Libro | |||||||||
| Dewey Decimal Classification | General | Biblioteca Karol Wojtyla | Biblioteca Karol Wojtyla | Sala general | 03/12/2013 | Compra | 151000000000000000046994 | 343.09272 COM | 21093 | 05/01/2026 | 03/12/2013 | Libro | ||||||
| Dewey Decimal Classification | General | Biblioteca Karol Wojtyla | Biblioteca Karol Wojtyla | Sala general | 03/12/2013 | Compra | 151000000000000000047005 | 343.09272 COM | 21100 | 05/01/2026 | 03/12/2013 | Libro | ||||||
| No inventariado | Dewey Decimal Classification | Biblioteca Karol Wojtyla | Biblioteca Karol Wojtyla | 03/12/2013 | Compra | 343.09272 COM | 21301 | 03/12/2013 | Libro | |||||||||
| No inventariado | Dewey Decimal Classification | Biblioteca Karol Wojtyla | Biblioteca Karol Wojtyla | 03/12/2013 | Compra | 343.09272 COM | 21095 | 03/12/2013 | Libro | |||||||||
| No inventariado | Dewey Decimal Classification | Biblioteca Karol Wojtyla | Biblioteca Karol Wojtyla | 03/12/2013 | Compra | 343.09272 COM | 21094 | 03/12/2013 | Libro | |||||||||
| Dewey Decimal Classification | General | Biblioteca Karol Wojtyla | Biblioteca Karol Wojtyla | Sala general | 03/12/2013 | Compra | 151000000000000000046995 | 343.09272 COM | 21087 | 05/01/2026 | 03/12/2013 | Libro | 04/03/2015 | |||||
| Dewey Decimal Classification | General | Biblioteca Karol Wojtyla | Biblioteca Karol Wojtyla | Sala general | 03/12/2013 | Compra | 151000000000000000047006 | 343.09272 COM | 21101 | 05/01/2026 | 03/12/2013 | Libro | ||||||
| Dewey Decimal Classification | General | Biblioteca Karol Wojtyla | Biblioteca Karol Wojtyla | Sala general | 03/12/2013 | Compra | 151000000000000000046999 | 343.09272 COM | 21089 | 05/01/2026 | 03/12/2013 | Libro | ||||||
| No inventariado | Dewey Decimal Classification | Biblioteca Karol Wojtyla | Biblioteca Karol Wojtyla | 03/12/2013 | Compra | 343.09272 COM | 21099 | 03/12/2013 | Libro | |||||||||
| Dewey Decimal Classification | General | Biblioteca Karol Wojtyla | Biblioteca Karol Wojtyla | Sala general | 03/12/2013 | Compra | 151000000000000000047007 | 343.09272 COM | 21102 | 05/01/2026 | 03/12/2013 | Libro | ||||||
| No inventariado | Dewey Decimal Classification | Biblioteca Karol Wojtyla | Biblioteca Karol Wojtyla | 03/12/2013 | Compra | 343.09272 COM | 21086 | 03/12/2013 | Libro | |||||||||
| Dewey Decimal Classification | General | Biblioteca Karol Wojtyla | Biblioteca Karol Wojtyla | Sala general | 03/12/2013 | Compra | 151000000000000000047001 | 343.09272 COM | 21088 | 05/01/2026 | 03/12/2013 | Libro | ||||||
| No inventariado | Dewey Decimal Classification | Biblioteca Karol Wojtyla | Biblioteca Karol Wojtyla | 03/12/2013 | Compra | 343.09272 COM | 21090 | 03/12/2013 | Libro |